000 00571nam a22001697a 4500
003 NUST
038 _aNusrat Nadeem
082 _a200
100 _aZafar, Asma
_9119976
245 _aExploration of Knowledge Beliefs and Attitudes of Pre-Service Teachers on Careers Education/
_cAsma Zafar
264 _aIslamabad,
_bS3H NUST,
_c2023
300 _aill:
_b137,p:
_c30,cm.
690 _aMS-Department of Behavioral Sciences
_9126276
700 _aSupervisor: Dr. Gulnaz Zahid
_9119964
856 _uhttp://10.250.8.41:8080/xmlui/handle/123456789/37953
942 _2ddc
_cSC
999 _c607455
_d607455